000
00325nam a22001577a 4500
003
SGT
020
_a
9788194857082
082
_a
617.643
_b
C22K
100
_a
Kharbanda, O. P.
245
_a
Cleft Orthodontics
250
_a
1st Ed.
260
_b
Thieme
_c
2022
300
_a
496
650
_a
Orthodontics
942
_2
ddc
_c
BK
999
_c
32860
_d
32860